000 00800cam a2200229 4500
001 WB3628-19
008 000000n2000 000 0 eng u
035 _a(Sirsi) u107242
245 _aWebsite aims to cut gazumping
260 _c2000
490 _aGuardian
_v 20 July 2000, 10
490 _aHM Land Registry Press Release
_v(20/00) 19 July 2000 (9)
520 _aThe national land information service website, to be launched in 2001, will allow solicitors and buyers instant access to all planning and environmental details on a single register.
590 _aWB
650 _aLAND REGISTER
650 _aGAZUMPING
650 _aONLINE CONVEYANCING
650 _aNATIONAL LAND INFORMATION SERVICE
650 _aMOVING HOME
690 _aINFORMATION TECHNOLOGY-INTERNET
942 _n0
999 _c64118
_d64118